000 01020nam a2200253 a 4500
005 20160304020002.0
008 140307b2002 ck ab gr|||| 00| 0 spa d
040 _aCO-BoIAVH
_cCO-BoIAVH
041 _aspa
044 _ack
082 4 _a598.09861
_bV83a
090 _aLB
_b02641
100 1 _aVisinoni, Andrés
245 1 _aAves Parque Nacional Natural Tayrona
_blas 100 especies más sobresalientes
260 _aSanta Marta
_bMinambiente
_bDelegación de la Comisión Europea para Colombia y Ecuador,Desarrollo Sostenible de la Sierra Nevada de Santa Marta
_bAgencia Colombiana de Cooperación Internacional
_c2002
300 _a106 paginas.
_bIlustraciones, Mapas;
_c21 x 14 cm
650 4 _aFauna
_zTayrona
650 4 _aAves
_zTayrona
650 4 _aAreas protegidas
_yTayrona
650 4 _aParques nacionales naturales
_zTayrona
650 4 _aManuales de campo
662 _aColombia
_cParque Nacional Natural Tayrona
_dSanta Marta
_bMagdalena
942 _cLIBRO
_2ddc
_02
999 _c2852
_d2852